MARC

LEADER 00000nam0a2200000 4500
001 289896
005 20231102000230.0
020 |a RU  |b 83-72412 
035 |a (RuTPU)RU\TPU\book\314417 
090 |a 289896 
100 |a 20150403d1983 k y0rusy5003 ca 
101 0 |a rus 
102 |a UA 
105 |a y z 001zy 
200 1 |a Краевые задачи теплофизики подземных сооружений  |f А. С. Галицын  |g Академия наук Украинской ССР (АН УССР), Институт математики 
210 |a Киев  |c Наукова думка  |d 1983 
215 |a 236 с. 
320 |a Библиогр.: с. 229-235 
606 |a Подземные сооружения  |x Сейсмостойкость  |x Тепловой режим  |2 stltpush  |3 (RuTPU)RU\TPU\subj\49665  |9 68430 
610 1 |a теплоперенос 
610 1 |a краевые задачи 
610 1 |a решение 
610 1 |a интегральные преобразования 
610 1 |a теплофизика 
610 1 |a численное моделирование 
610 1 |a методы 
610 1 |a тепломассоперенос 
675 |a 624.1  |v 3 
700 1 |a Галицын  |b А. С.  |g Анатолий Степанович 
712 0 2 |a Академия наук Украинской ССР (АН УССР)  |b Институт математики  |2 stltpush  |3 (RuTPU)RU\TPU\col\11281 
801 0 |a RU  |b RuMRKP  |c 19950704  |g psbo 
801 1 |a RU  |b 63413507  |c 20150403 
801 2 |a RU  |b 63413507  |c 20180220  |g RCR 
942 |c BK